Progressively Harder Capital to Country Quiz - Global (YB) - Statistics

General Stats
  • This quiz has been taken 183 times
  • The average score is 127 of 196
Answer Stats
% Country Capital City % Correct
89 United Kingdom London
100%
85 Spain Madrid
100%
84 Russia Moscow
100%
92 France Paris
100%
89 Italy Rome
100%
82 Greece Athens
98%
88 Germany Berlin
98%
85 United States Washington D.C.
98%
77 China Beijing
97%
81 Ireland Dublin
97%
81 Japan Tokyo
97%
78 Vatican City Vatican City
97%
78 Netherlands Amsterdam
95%
77 Portugal Lisbon
95%
79 Norway Oslo
95%
77 Belgium Brussels
94%
76 Mexico Mexico City
94%
72 Hungary Budapest
92%
68 Egypt Cairo
92%
68 Australia Canberra
92%
71 Ukraine Kyiv
92%
70 Monaco Monaco
92%
70 South Korea Seoul
92%
72 Sweden Stockholm
92%
77 Austria Vienna
92%
72 Poland Warsaw
92%
68 Switzerland Bern
91%
73 Brazil Brasília
91%
74 Denmark Copenhagen
91%
73 Finland Helsinki
91%
69 Luxembourg Luxembourg
91%
70 Canada Ottawa
91%
66 Argentina Buenos Aires
89%
65 Israel Jerusalem
89%
60 Iraq Baghdad
88%
60 Thailand Bangkok
88%
61 Cuba Havana
88%
62 Peru Lima
88%
73 India New Delhi
88%
72 Czech Republic Prague
88%
66 Iceland Reykjavík
88%
62 San Marino San Marino
88%
57 Chile Santiago
88%
57 New Zealand Wellington
88%
60 Turkey Ankara
86%
54 Jamaica Kingston
86%
56 Panama Panama City
86%
55 South Africa Pretoria / Cape Town / Bloemfontein
86%
61 Singapore Singapore
86%
66 Bulgaria Sofia
86%
58 Iran Tehran
86%
58 Romania Bucharest
84%
56 Indonesia Jakarta
84%
57 Afghanistan Kabul
84%
55 North Korea Pyongyang
84%
55 Estonia Tallinn
83%
59 Croatia Zagreb
83%
50 Pakistan Islamabad
81%
58 Belarus Minsk
81%
53 Colombia Bogotá
78%
49 Vietnam Hanoi
78%
53 Bosnia and Herzegovina Sarajevo
78%
46 Algeria Algiers
77%
53 Philippines Manila
77%
55 Latvia Riga
77%
47 Taiwan Taipei
77%
43 Tunisia Tunis
77%
45 Lebanon Beirut
75%
50 Venezuela Caracas
75%
50 Malaysia Kuala Lumpur
75%
51 United Arab Emirates Abu Dhabi
73%
47 Andorra Andorra la Vella
73%
45 Azerbaijan Baku
73%
47 Syria Damascus
73%
45 Ecuador Quito
73%
53 Albania Tirana
73%
50 Serbia Belgrade
72%
41 Guatemala Guatemala
72%
44 Nepal Kathmandu
72%
47 Bolivia La Paz / Sucre
72%
44 El Salvador San Salvador
72%
47 Slovakia Bratislava
70%
43 Qatar Doha
70%
49 Kuwait Kuwait City
70%
48 Uruguay Montevideo
70%
41 Haiti Port-au-Prince
70%
45 Malta Valletta
70%
45 Lithuania Vilnius
70%
37 Ethiopia Addis Ababa
69%
43 Bangladesh Dhaka
69%
45 Kenya Nairobi
69%
41 Cyprus Nicosia
69%
43 Saudi Arabia Riyadh
69%
41 Liechtenstein Vaduz
69%
36 Djibouti Djibouti
67%
39 Morocco Rabat
67%
38 Georgia Tbilisi
67%
43 Slovenia Ljubljana
66%
37 Cambodia Phnom Penh
66%
42 North Macedonia Skopje
66%
37 Libya Tripoli
66%
43 Mongolia Ulaanbaatar
66%
40 Jordan Amman
64%
36 Moldova Chișinău
64%
33 Senegal Dakar
64%
37 Costa Rica San José
64%
36 Kazakhstan Astana
63%
34 Oman Muscat
63%
34 Bahamas Nassau
63%
40 Kosovo Pristina
63%
36 Paraguay Asunción
61%
54 Saint Vincent and the Grenadines Kingstown
61%
34 Montenegro Podgorica
59%
34 Yemen Sana'a
59%
33 Maldives Malé
58%
35 Armenia Yerevan
58%
30 Democratic Republic of the Congo Kinshasa
56%
27 São Tomé and Príncipe São Tomé
56%
27 Bhutan Thimphu
56%
27 Guinea-Bissau Bissau
55%
31 Sierra Leone Freetown
55%
36 Guyana Georgetown
55%
28 Somalia Mogadishu
55%
32 Dominican Republic Santo Domingo
55%
30 Ghana Accra
53%
28 Angola Luanda
53%
26 Kyrgyzstan Bishkek
52%
29 Bahrain Manama
52%
29 Suriname Paramaribo
52%
27 Nigeria Abuja
50%
26 Madagascar Antananarivo
50%
24 Turkmenistan Ashgabat
50%
27 Republic of the Congo Brazzaville
50%
30 East Timor Dili
50%
26 Papua New Guinea Port Moresby
50%
29 Uzbekistan Tashkent
50%
27 Belize Belmopan
48%
26 Sudan Khartoum
48%
31 Nicaragua Managua
48%
27 Honduras Tegucigalpa
48%
29 Laos Vientiane
48%
19 Tanzania Dodoma
47%
23 Tajikistan Dushanbe
47%
23 Liberia Monrovia
47%
20 Chad N'Djamena
47%
29 Trinidad and Tobago Port-of-Spain
47%
22 Cameroon Yaoundé
47%
20 Samoa Apia
45%
21 Myanmar Naypyidaw
45%
27 Fiji Suva
45%
24 Namibia Windhoek
45%
28 Zimbabwe Harare
44%
21 Togo Lomé
44%
23 Burkina Faso Ouagadougou
44%
21 Botswana Gaborone
42%
26 Antigua and Barbuda Saint John's
42%
22 Sri Lanka Sri Jayawardenepura Kotte
42%
25 Seychelles Victoria
42%
25 Brunei Bandar Seri Begawan
41%
23 Uganda Kampala
41%
22 Rwanda Kigali
41%
22 Gabon Libreville
41%
21 Benin Porto-Novo / Cotonou
41%
24 Grenada Saint George's
41%
27 Barbados Bridgetown
39%
23 South Sudan Juba
39%
21 Mozambique Maputo
39%
19 Niger Niamey
39%
20 Mauritius Port Louis
39%
22 Dominica Roseau
39%
20 Saint Lucia Castries
38%
19 Guinea Conakry
38%
18 Comoros Moroni
38%
21 Eritrea Asmara
36%
19 Central African Republic Bangui
36%
21 Zambia Lusaka
36%
16 Mauritania Nouakchott
36%
19 Vanuatu Port Vila
36%
20 Cape Verde Praia
36%
19 Mali Bamako
34%
18 Gambia Banjul
34%
19 Saint Kitts and Nevis Basseterre
34%
18 Malawi Lilongwe
34%
15 Marshall Islands Majuro
34%
17 Ivory Coast Yamoussoukro
34%
17 Tuvalu Funafuti
33%
16 Burundi Gitega
33%
17 Eswatini Mbabane
33%
16 Kiribati South Tarawa
33%
16 Nauru Yaren
33%
17 Equatorial Guinea Malabo
31%
14 Palau Ngerulmud
31%
16 Tonga Nukuʻalofa
31%
15 Federated States of Micronesia Palikir
31%
17 Lesotho Maseru
30%
16 Solomon Islands Honiara
28%
No matching quizzes found
Score Distribution
Percent of People with Each Score
Percentile by Number Answered
Your Score History
You have not taken this quiz